00381nam a2200109Ia 4500008004100000082000800041100002300049245008000072942000600152952009800158999001500256240331s9999 xx 000 0 und d bENC aMakaryk, I.R, . ed 0aEncyclopedia of contemporary literary theory :bapproaches, scholars, terms cL 001040708LaWERCLbWERCLcSSCd2024-03-31l0o 801.95 ENCp4434r2024-03-31w2024-03-31yL c3245d3245